Города Вологодской области - Statistics

General Stats
  • This quiz has been taken 52 times
  • The average score is 8 of 15
Answer Stats
Население Город % Correct
311 859 Вологда
100%
301 040 Череповец
86%
28 266 Великий Устюг
77%
8647 Тотьма
68%
34 298 Сокол
50%
10 292 Вытегра
50%
7069 Кириллов
50%
8183 Белозерск
45%
14 424 Грязовец
36%
11 646 Бабаево
36%
8361 Харовск
36%
7653 Устюжна
36%
5460 Красавино
36%
4022 Кадников
32%
7607 Никольск
27%
No matching quizzes found
Score Distribution
Percent of People with Each Score
Percentile by Number Answered
Your Score History
You have not taken this quiz